Η ελληνική εκπαίδευση στο Σαντζάκι Μοναστηρίου 1870-1904 : η εθνική διάσταση ; διδακτορική διατριβή
Αποθηκεύτηκε σε:
| Κύριος συγγραφέας: | |
|---|---|
| Μορφή: | Thesis Βιβλίο |
| Γλώσσα: | Greek |
| Δημοσίευση: |
Ιωάννινα :
[χ.ε.],
1988.
|
| Θέματα: | |
| Ετικέτες: |
Προσθήκη ετικέτας
Δεν υπάρχουν, Καταχωρήστε ετικέτα πρώτοι!
|
MARC
| LEADER | 00000cam a2200000 i 4500 | ||
|---|---|---|---|
| 001 | 1/10664 | ||
| 008 | 000904s1988 gr | ||| |||| ||gre|| | ||
| 035 | |l 10063517 | ||
| 040 | |a GR-MY-UA |b gre |e aacr | ||
| 041 | 0 | |a gre | |
| 082 | 7 | |a 371.279561 |2 (22) | |
| 100 | 1 | |a Βούρη, Σοφία. | |
| 245 | 1 | 2 | |a Η ελληνική εκπαίδευση στο Σαντζάκι Μοναστηρίου 1870-1904 : |b η εθνική διάσταση ; διδακτορική διατριβή / |c Βούρη Σοφία. |
| 260 | |a Ιωάννινα : |b [χ.ε.], |c 1988. | ||
| 300 | |a 315 σ. ; |c 24 εκ. | ||
| 502 | |a Διατριβή (διδακτορική) - Πανεπιστήμιο Ιωαννίνων, 1988. | ||
| 504 | |a Περιλαμβάνει βιβλιογραφικές παραπομπές. | ||
| 650 | 0 | 0 | |a Education, Greek |z Turkey |y 19th century. |
| 852 | |a INST |b RHODES |c DIATROTHER |e 20000904 |h 371.279561 ΒΟΥ |p 005400013507 |q 005400013507 |t PHD |y 23 | ||
| 901 | |a BIBL4-2000-2 | ||
| 909 | |a Ρ |b 073805 | ||
| 922 | |a 4ΕΛΗ |b 200004 | ||
| 970 | |z 2000/09 | ||